Cargando…
La construcción social de la pobreza rural en el marco de la globalización /
| Autor principal: | |
|---|---|
| Otros Autores: | , , , |
| Formato: | Electrónico eBook |
| Idioma: | Español |
| Publicado: |
México :
Universidad Autónoma Metropolitana,
2002.
México : Universidad Autónoma Metropolitana, Unidad Iztapalapa, División de Ciencias Sociales y Humanidades, Departamento de Sociología, 2002. |
| Temas: | |
| Acceso en línea: | Texto completo |
MARC
| LEADER | 00000nam a2200000 i 4500 | ||
|---|---|---|---|
| 001 | TESIUAMIL_000124680 | ||
| 005 | 20241015181000.0 | ||
| 007 | cr nu ---uuuuu | ||
| 008 | 020701s2002 mx fom 001 0 spa d | ||
| 024 | 7 | |a https://bindani.izt.uam.mx/concern/licenciaturas/2b88qc911?locale=es |2 https://doi.org | |
| 040 | |a MX-MxUAM |b spa |e rda |c MX-MxUAM | ||
| 041 | 0 | |a spa |b spa |2 MARC Code List for Languages |6 http://www.loc.gov/marc/languages/ | |
| 100 | 1 | |a Estrada Hernández, Mónica, |e autora | |
| 245 | 1 | 3 | |a La construcción social de la pobreza rural en el marco de la globalización / |c Mónica Estrada Hernández, Rafael Hernández Espinosa para la obtención del grado de Licenciatura en Psicología Social ; asesor Anne Cecilia Reid Rattenberry revisor Miguel Ángel Aguilar Díaz, José Federico Besserer Alatorre. |
| 260 | |a México : |b Universidad Autónoma Metropolitana, |d Unidad Iztapalapa, |e División de Ciencias Sociales y Humanidades, |f Departamento de Sociología, |c 2002. | ||
| 300 | |a 1 recurso en línea (116 páginas) : |b fotografías. | ||
| 500 | |a Proyecto terminal. |b Licenciatura en Psicología Social. |c Universidad Autónoma Metropolitana, Unidad Iztapalapa, |g División de Ciencias Sociales y Humanidades, |d 2002. |o https://bindani.izt.uam.mx/concern/licenciaturas/2b88qc911?locale=es |4 bachelorThesis | ||
| 504 | |a Incluye referencias bibliográficas: páginas 83-85. | ||
| 506 | |a openAccess |4 1 | ||
| 540 | |c creativecommons |u https://creativecommons.org/licenses/by-nc-nd/4.0/ | ||
| 650 | 4 | |a Pobreza |x Globalización | |
| 650 | 0 | |a Poverty |x Globalization | |
| 700 | 1 | |a Hernández Espinosa, Rafael, |e autor | |
| 700 | 1 | |a Reid Rattenberry, Anne Cecilia, |e asesora | |
| 700 | 1 | |a Aguilar Díaz, Miguel Ángel, |e revisor | |
| 700 | 1 | |a Besserer Alatorre, José Federico, |e revisor | |
| 264 | 1 | |a México : |b Universidad Autónoma Metropolitana, Unidad Iztapalapa, División de Ciencias Sociales y Humanidades, Departamento de Sociología, |c 2002. | |
| 336 | |a texto |b txt |2 rdacontent | ||
| 337 | |a computadora |b c |2 rdamedia | ||
| 338 | |a recurso en línea |b cr |2 rdacarrier | ||
| 856 | 4 | 0 | |u https://bindani.izt.uam.mx/concern/licenciaturas/2b88qc911?locale=es |z Texto completo |